Metodología para la gestión de recursos de consumo energético durante el proceso constructivo
Salvato in:
| Autore principale: | |
|---|---|
| Altri autori: | |
| Natura: | Libro |
| Lingua: | Spanish |
| Pubblicazione: |
[San José], Costa Rica,
2021
|
| Soggetti: |
TRANSPORTE - CONSUMO DE COMBUSTIBLE
> CONSUMO (ECONOMIA) - METODOS ESTADISTICOS
> EDIFICIOS SOSTENIBLES - COSTA RICA
> PROYECTOS DE CONSTRUCCION - DISEÑO Y CONSTRUCCION - METODOLOGIA - COSTA RICA
> CONSUMO DE ENERGIA ELECTRICA
> MAQUINARIA - CONSUMO DE COMBUSTIBLE
> RECURSOS ENERGETICOS - ADMINISTRACION - COSTA RICA
|
| Tags: |
Aggiungi Tag
Nessun Tag, puoi essere il primo ad aggiungerne!!
|
MARC
| LEADER | 00000nam a2200000Ia 4500 | ||
|---|---|---|---|
| 003 | 013225 | ||
| 005 | 20230314152833.0 | ||
| 008 | 140116s2021 cr a 000 ||spa d | ||
| 040 | |c cru CEDI | ||
| 100 | |a Solís Acuña, Mariana, 1996- |9 239 | ||
| 245 | |a Metodología para la gestión de recursos de consumo energético durante el proceso constructivo | ||
| 260 | |a [San José], Costa Rica, |c 2021 | ||
| 500 | |a Proyecto de graduación (licenciatura en ingeniería civil)--Universidad de Costa Rica. Facultad de Ingeniería. Escuela de Ingeniería Civil | ||
| 501 | |a Director de Proyecto de Graduación: Ing. Erick Mata Abdelnour, PhD. | ||
| 650 | |x TRANSPORTE - CONSUMO DE COMBUSTIBLE |x CONSUMO (ECONOMIA) - METODOS ESTADISTICOS |x EDIFICIOS SOSTENIBLES - COSTA RICA |x PROYECTOS DE CONSTRUCCION - DISEÑO Y CONSTRUCCION - METODOLOGIA - COSTA RICA |x CONSUMO DE ENERGIA ELECTRICA |x MAQUINARIA - CONSUMO DE COMBUSTIBLE |x RECURSOS ENERGETICOS - ADMINISTRACION - COSTA RICA | ||
| 700 | |9 227 |a Mata Abdelnour, Erick, 1973- |d Director del TFG | ||
| 942 | |c CEDI | ||
| 999 | |c 13249 |d 13249 | ||
